000 01619nam a2200313 a 4500
001 BRCA_3177
005 20190320204141.0
008 130209s1620----enk#---###---#000-0#eng-u
041 _aeng
044 _aenk
084 _a478
_c1620
100 1 _aCervantes Saavedra, Miguel de
_d1547-1616
_9213
245 1 0 _aThe Second Part of the History of the Valorous and Witty Knight-Errant, Don Quixote of the Mancha
_cWritten in Spanish by Michel Cervantes ; and now Translated into English by Thomas Shelton.
260 _aLondres
_c1620
300 _a504 p.
_c19 cm.
500 _aContenido : Dedicatoria al Marqués de Buchingham. Prólogo del autor. Esta encuadernado con la 2a ed. de la primera parte sin título. Texto
500 _aPrimera edición en lengua inglesa de la segunda parte, traducida por Thomas Shelton. Está encuadernada con la segunda edición de la primera parte, sin título, con la que forma la primera traducción inglesa de ambas partes. También suprime la dedicatoria de Cervantes. Piel. Ejemplar defectuoso: Le falta la portada y varias hojas iniciales Lúdovik Osterc
500 _aEstado físico : Recuperación física en 2008
500 _aQM398
546 _aTexto en : inglés
650 1 4 _aNovela española
_yÉpoca clásica, 1500-1700
_9215
650 1 4 _aLiteratura española
_yÉpoca clásica, 1500-1700
_9216
650 1 4 _aNovela española
_ySiglo XVII
_9217
650 1 4 _aDon Quijote (Personaje ficticio)
_eNovela
_9218
700 1 _aShelton, Thomas
_d?-1626
_eTraductor
_98549
740 0 _aEl Ingenioso Hidalgo Don Quijote de la Mancha
902 _aQFM
942 _2lcc
_cB
999 _c2913
_d2913